| 000 | 00518nam a2200109Ia 4500 | ||
|---|---|---|---|
| 008 | 171212s9999 xx 000 0 und d | ||
| 100 | _aBaird, Matthew D.;Baird, Michelle K.;Vesely, Joseph V. | ||
| 245 |
_cBaird, Matthew D.;Baird, Michelle K.;Vesely, Joseph V. _aAccess to Dental Providers in Pennsylvania _bExploration of the County-Level Distribution of Dental Providers and Populations in 2013 |
||
| 260 |
_bRAND Corporation _c2016 |
||
| 650 | _aHealth Sciences | ||
| 856 | _uhttp://jstor.org/stable/10.7249/j.ctt19w73pc | ||
| 999 |
_c351671 _d351671 |
||